01166cam a22003374a 4500020003100000020002800031040000800059082002600067100002100093245004000114246002400154246002000178246001900198260005900217300002500276490007600301650001900377650002600396650001800422650001000440650003000450650001900480650002200499650003300521650002000554700002300574856005700597942001000654999001700664952014700681 a9789004147331 (alk. paper) a9004147330 (alk. paper) cNLM04a341 MNP 2006 C151 Or.1 aEide, Asbj©ırn10aArticle 24 :bthe right to health /3 aArticle twenty-four30aRight to health18aCRC commentary aLeiden ;aBoston :bMartinus Nijhoff Publishers,c2006 aviii, 51 p. ;c24 cm1 aCommentary on the United Nations Convention on the Rights of the Child,12aChild Advocacy22aChild Health Services22aChild Welfare22aChild22aInternational Cooperation22aPatient Rights 0aChildren's rights 0aChildren (International law) 0aRight to health1 aEide, Wenche Barth41uhttp://www.loc.gov/catdir/toc/fy0710/2007274268.html cAEDBB c18727d18727 0010406341_000000000000000_MNP_2006_C151_OR70983168aLBCbLBCcC151d2020-01-15eA33605o341 MNP 2006 C151 Or.r2020-01-15w2020-01-15yEK